000 01313naa a22003497a 4500
001 BR7600733
003 BR-BrBNA
005 20240918173811.0
007 ta
008 230509b bl.||||| |||| 00| 0 por d
040 _aBR-BrBNA
_bpor
_cBiblioteca Nacional de Agricultura
041 _a(Pt)
072 _aF25; F00
_b0180
_b0336
_b3840
_bG514
090 _aF25 BR7600733
100 1 _aSiqueira, O.J.F. de
100 1 _aBorkert, C.M.
100 1 _aKochhann, R.A.
100 1 _aBartz, H.R.
100 1 _aRamos, M.
111 1 _a7. Reuniao Anual Conjunta de Pesquisa de Trigo
_cPasso Fundo, RS (Brazil)
_d31 Mar 1975
245 1 _aResposta do trigo a calagem, cultivado em sucessao com soja, em solos acidos com diferentes teores de Al trocavel, em altos niveis de fertilidade [Triticum aestivum; Glycine max (L.)Merr.; Aluminio; Brasil]
260 3 _aPasso Fundo, RS (Brasil):
_c1975.
500 _aTrigo - resultados de pesquisa em 1974 Passo Fundo, RS (Brasil): 1975. v. 1 p. 18-50 (BR7600733-AM)F25
650 _aTRIGO
650 _aSOJA
650 _aCALAGEM
650 _aSOLO ACIDO
650 _aALUMINIO
773 0 _tTrigo - resultados de pesquisa em 1974
_wF25 BR7600733
_gPasso Fundo, RS (Brasil), 1975. v. 1 p. 18-50
909 _a202404
_bLucia
_c55
_dLucia Elande
942 _cAM
_2AGRIS
999 _c306998
_d306998